000
00358nam a2200145 a 4500
005
20140414093848.0
008
110308s19uu xx 00 eng d
020
_a
9780199124534
050
_a
CD 448
_b
EQU 2005
245
_a
Equipe nouvelle 2.
260
_a
USA :
_b
Oxford University Press,
_c
2004.
650
_a
French
942
_c
AVM
999
_c
109728
_d
109728